000 00250nam a2200109Ia 4500
005 20251222141822.0
008 251222s9999||||xx |||||||||||||| ||spa||
082 _a370.19/A6
245 0 _aAprender para el Futuro:
264 _bSantillana
942 _cLIB
999 _c6836
_d6836